Fallout: S.P.E.C.I.A.L. stats - Statistics

General Stats
  • This quiz has been taken 456 times
  • The average score is 7 of 7
Answer Stats
Hint Answer % Correct
C Charisma
95%
S Strength
95%
I Intelligence
94%
P Perception
94%
L Luck
93%
E Endurance
92%
A Agility
90%
No matching quizzes found
Score Distribution
Percent of People with Each Score
Percentile by Number Answered
Your Score History
You have not taken this quiz